|
|
|
|
| LEADER |
01001nam a22002177a 4500 |
| 001 |
41411 |
| 003 |
BD-DhAAL |
| 005 |
20230903151308.0 |
| 008 |
230822t1977 bg ||||| |||| 00| 0 ben d |
| 040 |
|
|
|a BD-DhAAL
|d BD-DhAAL
|
| 082 |
|
|
|a 891.444
|
| 100 |
|
|
|a রহমান, হাসান হাফিজুর.
|9 6078
|
| 245 |
|
|
|a আলোকিত গহ্বর /
|c হাসান হাফিজুর রহমান.
|
| 260 |
|
|
|a ঢাকা :
|b বাংলা একাডেমী,
|c ১৯৭৭.
|
| 300 |
|
|
|a ১২৩ পৃষ্ঠা ;
|c ১৮ সে.মি.
|
| 541 |
|
|
|a RS campus, Saver.
|e 41411
|
| 650 |
|
|
|a Bengali Fiction.
|
| 650 |
|
|
|a Bengali literature.
|
| 942 |
|
|
|2 ddc
|c BK
|
| 999 |
|
|
|c 46103
|d 46103
|
| 952 |
|
|
|0 0
|1 0
|2 ddc
|4 0
|6 891_444000000000000_RAH
|7 0
|9 74283
|a SCL
|b SCL
|c GEN
|d 2023-08-22
|l 0
|o 891.444 RAH
|p 3020041411
|r 2023-08-22
|t 1
|w 2023-08-22
|y BK
|x As directed by University librarian (30.05.2023), the accession of this book has been renewed. Previous Accession no of TARC, Savar: 2413
|